Southville International School and Colleges
Your cart is empty.
  • Cart
  • Lists
    Public lists list_1 View all
    Your lists Log in to create your own lists
  • Log in to your account
  • Your cookies
  • Search history
Southville International School and Colleges
  • Advanced search
  • Recent comments
  • Most popular
  • Libraries

Log in to your account

Log in with GOOGLE


If you do not have an external account, but do have a local account, you can still log in:

  1. Home
  2. MARC view: The Berenstain bears ride the thunderbolt /
Normal view MARC view ISBD view

The Berenstain bears ride the thunderbolt / (Record no. 111098)

[ view plain ]
MARC details
000 -LEADER
fixed length control field 00484nam a2200193 a 4500
001 - CONTROL NUMBER
control field 0436
005 - DATE AND TIME OF LATEST TRANSACTION
control field 20140414131909.0
008 - FIXED-LENGTH DATA ELEMENTS--GENERAL INFORMATION
fixed length control field 040109s19uu xx 00 eng d
050 ## - LIBRARY OF CONGRESS CALL NUMBER
Classification number ER
Item number B35 1998
100 ## - MAIN ENTRY--PERSONAL NAME
Personal name Berenstain, Stan, 1923
245 ## - TITLE STATEMENT
Title The Berenstain bears ride the thunderbolt /
Statement of responsibility, etc Stan Berenstain & Jan.
260 ## - PUBLICATION, DISTRIBUTION, ETC. (IMPRINT)
Place of publication, distribution, etc Canada :
Name of publisher, distributor, etc Random House,
Date of publication, distribution, etc 1998.
440 ## - SERIES STATEMENT/ADDED ENTRY--TITLE
Title
520 ## - SUMMARY, ETC.
Summary, etc
650 ## - SUBJECT ADDED ENTRY--TOPICAL TERM
Topical term or geographic name as entry element Bears
General subdivision Fiction.
650 ## - SUBJECT ADDED ENTRY--TOPICAL TERM
Topical term or geographic name as entry element
General subdivision
650 ## - SUBJECT ADDED ENTRY--TOPICAL TERM
Topical term or geographic name as entry element
Holdings
Withdrawn status Lost status Damaged status Use restrictions Home library Current library Shelving location Date acquired Source of acquisition Cost, normal purchase price Total Checkouts Full call number Barcode Date last seen Price effective from Koha item type
        Munich Library Munich Library Easy Reading Section 01/09/2004   49.50   ER B35 1998 M1664 04/14/2014 04/14/2014 Books

The Berenstain bears ride the thunderbolt /

APA

Berenstain S. 1., . (1998). The Berenstain bears ride the thunderbolt. Canada: Random House.

Chicago

Berenstain Stan 1923, . 1998. The Berenstain bears ride the thunderbolt. Canada: Random House.

Harvard

Berenstain S. 1., . (1998). The Berenstain bears ride the thunderbolt. Canada: Random House.

MLA

Berenstain Stan 1923, . The Berenstain bears ride the thunderbolt. Canada: Random House. 1998.

  • Place hold
  • Print
  • Cite
  • Add to your cart (remove)
  • Save record
    BIBTEX Dublin Core MARCXML MARC (non-Unicode/MARC-8) MARC (Unicode/UTF-8) MARC (Unicode/UTF-8, Standard) MODS (XML) RIS
  • More searches
    Search for this title in:
    Other Libraries (WorldCat) Other Databases (Google Scholar) Online Stores (Bookfinder.com) Open Library (openlibrary.org)

Exporting to Dublin Core...

SOUTHVILLE LIBRARY

Southville International School and Colleges Library

1281 Tropical Ave. Cor. Luxembourg St., BF Homes International, Las Pinas City

Tel. No. 8256374 / 252358 Loc. 117/146

Powered by Koha